|
|
|
|
| LEADER |
00000nam2a2200000 4500 |
| 001 |
352699 |
| 005 |
20231102010525.0 |
| 035 |
|
|
|a (RuTPU)RU\TPU\retro\9435
|
| 035 |
|
|
|a RU\TPU\book\77640
|
| 090 |
|
|
|a 352699
|
| 100 |
|
|
|a 20200131d1961 k y0rusy50 ca
|
| 101 |
0 |
|
|a rus
|
| 102 |
|
|
|a RU
|
| 105 |
|
|
|a a g 001zy
|
| 200 |
0 |
|
|a Вып. 72 : Торий
|f И. В. Чирков, Г. Е. Каплан, Т. А. Успенская
|g научн. ред. В. А. Невский
|
| 210 |
|
|
|d 1961
|
| 215 |
|
|
|a 84 с.
|c ил.
|
| 320 |
|
|
|a Библиогр.: с. 79-83.
|
| 461 |
|
1 |
|0 (RuTPU)RU\TPU\book\77886
|t Требования промышленности к качеству минерального сырья
|o справочник для геологов
|f Всесоюзный научно-исследовательский институт минерального сырья; гл. ред. А. Д. Ершов
|v Вып. 72 : Торий
|e 2-е изд., перераб.
|d 1958-1965
|
| 606 |
1 |
|
|a Минеральное сырье
|x Анализ
|2 stltpush
|3 (RuTPU)RU\TPU\subj\44018
|
| 606 |
1 |
|
|a Радиоактивные руды
|x Месторождения
|2 stltpush
|3 (RuTPU)RU\TPU\subj\22432
|9 47190
|
| 610 |
1 |
|
|a торий
|
| 610 |
1 |
|
|a свойства
|
| 610 |
1 |
|
|a применение
|
| 610 |
1 |
|
|a месторождения
|
| 610 |
1 |
|
|a переработка
|
| 610 |
1 |
|
|a технические требования
|
| 610 |
1 |
|
|a качество
|
| 610 |
1 |
|
|a справочники
|
| 675 |
|
|
|a 553.08(035)
|v 3
|
| 675 |
|
|
|a 553.495(035)
|v 3
|
| 700 |
|
1 |
|a Чирков
|b И. В.
|
| 701 |
|
1 |
|a Каплан
|b Г. Е.
|
| 701 |
|
1 |
|a Успенская
|b Т. А.
|
| 702 |
|
1 |
|a Невский
|b В. А.
|4 340
|
| 801 |
|
1 |
|a RU
|b 63413507
|c 20050201
|g PSBO
|
| 801 |
|
2 |
|a RU
|b 63413507
|c 20200131
|g PSBO
|
| 942 |
|
|
|c BK
|